| 000 | 00705nam a2200157 a 4500 | ||
|---|---|---|---|
| 008 | 100301s1997 ||||||||||||||||| || u | ||
| 050 | _aUN-ECA(02) | ||
| 110 | _aUnited Nations Economic Commission For Africa(UNECA) | ||
| 245 | 1 | 0 | _aDevelopment bulletin: Eastern Africa subregional cooperation and integration |
| 260 |
_aAddis Ababa _bUNITED NATIONS _c1997 |
||
| 300 | _a31p. ;ill. | ||
| 350 | _a0.00 | ||
| 650 | 0 | _aAFRICA, EASTERN--ECONOMIC INTEGRATION--PERIODICALS | |
| 710 | _aEastern Africa Subregional Development Centre (EA-SRDC) | ||
| 995 |
_D0.00 _FCBU-MAIN LIBRARY (Kitwe) _H1 _I0.00 _M1 _UAVAILABLE _WMar 4, 2010 _ZInternational Publications |
||
| 999 |
_c39962 _d39962 |
||